[Event "Lloyds Bank Masters 2nd"]
[Site "London, Cumberland Hotel"]
[Date "1978.08.28"]
[Round "7.38"]
[White "Ginsburg, Mark"]
[Black "Henshaw, John C"]
[Result "1-0"]
[WhiteElo "2335"]
[BlackElo "2215"]
[PlyCount "65"]
[EventDate "1978.08.24"]
[EventType "swiss"]
[EventRounds "10"]
[EventCountry "ENG"]
[SourceTitle "BritBase"]
[Source "John Saunders"]
[SourceDate "2023.12.16"]
[SourceVersion "1"]
[SourceVersionDate "2023.12.16"]
[SourceQuality "1"]

1. c4 Nf6 2. Nc3 g6 3. e4 d6 4. d4 Nbd7 5. Nf3 e5 6. Be2 Bg7 7. O-O O-O 8. Be3
c6 9. Qc2 Ng4 10. Bg5 f6 11. Bc1 Qe7 12. h3 Nh6 13. Be3 f5 14. Bg5 Nf6 15. c5
Nf7 16. cxd6 Qxd6 17. dxe5 Nxe5 18. Rad1 Nxf3+ 19. Bxf3 Qe5 20. Bc1 f4 21. Ne2
g5 22. b3 Qe7 23. Nd4 g4 24. hxg4 Nxg4 25. Bxg4 Bxg4 26. f3 Bd7 27. Ne2 Be5 28.
Bb2 Rf7 29. Rxd7 Qxd7 30. Bxe5 Qe6 31. Bb2 h5 32. Nd4 Qg6 33. Nf5 {Source: J C
Henshaw via Brian Denman, contributed 21 July 2021} 1-0

[Event "Lloyds Bank Masters 2nd"]
[Site "London, Cumberland Hotel"]
[Date "1978.08.28"]
[Round "7.39"]
[White "Gruenfeld, Yehuda"]
[Black "James, Geoffrey H"]
[Result "1/2-1/2"]
[WhiteElo "2330"]
[BlackElo "2230"]
[PlyCount "93"]
[EventDate "1978.08.24"]
[EventType "swiss"]
[EventRounds "10"]
[EventCountry "ENG"]
[SourceTitle "BritBase"]
[Source "John Saunders"]
[SourceDate "2023.12.16"]
[SourceVersion "1"]
[SourceVersionDate "2023.12.16"]
[SourceQuality "1"]

1. e4 e5 2. Nf3 Nc6 3. Bb5 a6 4. Ba4 d6 5. O-O Bd7 6. c3 g6 7. d4 Bg7 8. d5 Nb8
9. c4 a5 10. Nc3 Na6 11. a3 Nc5 12. Bc2 Ne7 13. Rb1 b6 14. b4 Nb7 15. Ne1 O-O
16. f3 f5 17. Be3 fxe4 18. fxe4 Rxf1+ 19. Kxf1 Qf8+ 20. Kg1 Bh6 21. Qd2 Bxe3+
22. Qxe3 axb4 23. axb4 Ra3 24. Bb3 Kg7 25. Nc2 Ra8 26. Rf1 Qe8 27. Qf2 Ng8 28.
Ne1 Qe7 29. Nd3 Rf8 30. Qxf8+ Qxf8 31. Rxf8 Kxf8 32. Ba4 Ke7 33. Kf2 Nf6 34.
Kf3 h5 35. h3 g5 36. Ke3 Be8 37. Bxe8 Kxe8 38. Nb5 Kd7 39. Na7 Ng8 40. Ne1 Nd8
41. c5 bxc5 42. bxc5 c6 43. Nd3 Nf6 44. Nb4 cxd5 45. c6+ Nxc6 46. Naxc6 dxe4
47. g3 {Source: G H James via Brian Denman, contributed 21 July 2021} 1/2-1/2

[Event "Lloyds Bank Masters 2nd"]
[Site "London, Cumberland Hotel"]
[Date "1978.08.28"]
[Round "7.42"]
[White "Casse, Rey F"]
[Black "Martin, Andrew D"]
[Result "1-0"]
[WhiteElo "1985"]
[BlackElo "2390"]
[PlyCount "55"]
[EventDate "1978.08.24"]
[EventType "swiss"]
[EventRounds "10"]
[EventCountry "ENG"]
[SourceTitle "BritBase"]
[Source "John Saunders"]
[SourceDate "2023.12.16"]
[SourceVersion "1"]
[SourceVersionDate "2023.12.16"]
[SourceQuality "1"]

1. e4 e5 2. Nf3 d6 3. d4 Nf6 4. Nc3 Nbd7 5. Bc4 Be7 6. O-O c6 7. a4 h6 8. h3
Qc7 9. Be3 Nf8 10. Qe2 g5 11. dxe5 dxe5 12. Rfd1 Ng6 13. Bb3 Nf4 14. Qd2 Bd7
15. Nxe5 Qxe5 16. Bd4 Qc7 17. e5 c5 18. exf6 cxd4 19. Qe1 Be6 20. Bxe6 fxe6 21.
Rxd4 Bxf6 22. Nb5 Qc6 23. Nd6+ Kf8 24. Rxf4 Ke7 25. Nf5+ Kf7 26. Rc4 Qd5 27.
Rc7+ Kg6 28. Rg7+ 1-0

[Event "Lloyds Bank Masters 2nd"]
[Site "London, Cumberland Hotel"]
[Date "1978.08.28"]
[Round "7.44"]
[White "Large, Peter G"]
[Black "Yeo, Michael J"]
[Result "1-0"]
[WhiteElo "2275"]
[BlackElo "2205"]
[PlyCount "113"]
[EventDate "1978.08.24"]
[EventType "swiss"]
[EventRounds "10"]
[EventCountry "ENG"]
[SourceTitle "BritBase"]
[Source "John Saunders"]
[SourceDate "2023.12.16"]
[SourceVersion "1"]
[SourceVersionDate "2023.12.16"]
[SourceQuality "1"]

1. e4 e5 2. Nf3 Nc6 3. Bb5 a6 4. Ba4 d6 5. O-O Bg4 6. h3 h5 7. c4 Qf6 8. Qb3
O-O-O 9. Bxc6 bxc6 10. Nh2 Qg6 11. hxg4 hxg4 12. Qg3 Nf6 13. d3 d5 14. cxd5
cxd5 15. Nc3 Bd6 16. Nxd5 Nxd5 17. Qxg4+ Qxg4 18. Nxg4 Nf4 19. Bxf4 exf4 20. d4
f5 21. exf5 Rdf8 22. f3 Rxf5 23. Nf2 Be7 24. Ne4 Rd8 25. Rac1 Rxd4 26. Rc6 Kb7
27. Rfc1 Rd1+ 28. Kf2 Rxc1 29. Rxc1 Bf6 30. b3 Bd4+ 31. Ke2 Be3 32. Rh1 Kc6 33.
g4 Rf7 34. Rh8 a5 35. a4 Rd7 36. Ra8 Kb6 37. Rb8+ Ka6 38. g5 c6 39. Rf8 Rb7 40.
Ra8+ Kb6 41. Nd6 Rd7 42. Nc4+ Kc5 43. Rxa5+ Kb4 44. Ra6 Kxb3 45. Nxe3 Re7 46.
Rxc6 fxe3 47. a5 Kb4 48. a6 Kb5 49. Rc3 Kxa6 50. Rxe3 Rd7 51. Rb3 Rb7 52. Rxb7
Kxb7 53. Kd3 Kc6 54. Ke4 Kd6 55. Kf5 Ke7 56. Kg6 Kf8 57. Kh7 {Source: Michael
Yeo. Contributed, 14 July 2021} 1-0

[Event "Lloyds Bank Masters 2nd"]
[Site "London, Cumberland Hotel"]
[Date "1978.08.28"]
[Round "7.48"]
[White "Harding, Timothy David"]
[Black "Aaron, Augustine A"]
[Result "1-0"]
[WhiteElo "2230"]
[BlackElo "1920"]
[PlyCount "105"]
[EventDate "1978.08.24"]
[EventType "swiss"]
[EventRounds "10"]
[EventCountry "ENG"]
[SourceTitle "Tim Harding"]
[Source "Tim Harding"]
[SourceDate "2023.12.23"]
[SourceVersion "1"]
[SourceVersionDate "2023.12.23"]
[SourceQuality "1"]

1. c4 e5 2. Nc3 Nf6 3. Nf3 Nc6 4. d4 exd4 5. Nxd4 Be7 6. g3 O-O 7. Bg2 Re8 8.
Nxc6 dxc6 9. O-O Qxd1 10. Rxd1 Bb4 11. Bd2 Be6 12. b3 Rad8 13. Be1 Bf5 14. Kf1
Ba3 15. Rxd8 Rxd8 16. e4 Bg6 17. f3 Kf8 18. Rd1 Rxd1 19. Nxd1 Nd7 20. Bc3 f6
21. Ke2 Ke7 22. Nf2 c5 23. Nd3 c6 24. Bh3 Nf8 25. Ke3 Bf7 26. Ne1 Bc1+ 27. Kd3
Nd7 28. f4 g5 29. Ng2 Nf8 30. Ne3 Be6 31. Bxe6 Nxe6 32. Nf5+ Kd7 33. Kc2 Ba3
34. fxg5 fxg5 35. g4 Bb4 36. Bf6 Ba5 37. Kd3 Bd8 38. Be5 a6 39. Bd6 Bc7 40.
Bxc7 Nxc7 41. e5 Ke6 42. Ke4 Na8 43. Nd6 b6 44. Nb7 Nc7 45. Nd8+ Ke7 46. Nxc6+
Kd7 47. Na7 b5 48. Kf5 bxc4 49. bxc4 Ne8 50. Kxg5 Kc7 51. Kh6 Kb7 52. Kxh7 Kxa7
53. Kg6 {Source: Tim Harding personal database.} 1-0

[Event "Lloyds Bank Masters 2nd"]
[Site "London, Cumberland Hotel"]
[Date "1978.08.29"]
[Round "8.1"]
[White "Peters, Jack"]
[Black "Kopec, Danny"]
[Result "1/2-1/2"]
[WhiteElo "2430"]
[BlackElo "2310"]
[PlyCount "26"]
[EventDate "1978.08.24"]
[EventType "swiss"]
[EventRounds "10"]
[EventCountry "ENG"]
[SourceTitle "BritBase"]
[Source "John Saunders"]
[SourceDate "2023.12.16"]
[SourceVersion "1"]
[SourceVersionDate "2023.12.16"]
[SourceQuality "1"]

1. e4 e6 2. d4 c5 3. Nf3 cxd4 4. Nxd4 Nf6 5. Nc3 d6 6. f4 a6 7. Be2 b5 8. Bf3
e5 9. Nf5 Qc7 10. g4 b4 11. fxe5 dxe5 12. Nd5 Nxd5 13. exd5 Bxf5 1/2-1/2

[Event "Lloyds Bank Masters 2nd"]
[Site "London, Cumberland Hotel"]
[Date "1978.08.29"]
[Round "8.2"]
[White "Littlewood, Paul E"]
[Black "Bouaziz, Slim"]
[Result "1/2-1/2"]
[WhiteElo "2345"]
[BlackElo "2365"]
[PlyCount "66"]
[EventDate "1978.08.24"]
[EventType "swiss"]
[EventRounds "10"]
[EventCountry "ENG"]
[SourceTitle "BritBase"]
[Source "John Saunders"]
[SourceDate "2023.12.16"]
[SourceVersion "1"]
[SourceVersionDate "2023.12.16"]
[SourceQuality "1"]

1. e4 c5 2. Nf3 Nc6 3. d3 g6 4. g3 Bg7 5. Bg2 e6 6. O-O Nge7 7. Re1 d6 8. c3
O-O 9. a3 Ne5 10. Nxe5 dxe5 11. b4 cxb4 12. axb4 Bd7 13. Be3 a5 14. bxa5 Rxa5
15. Rxa5 Qxa5 16. Qb3 Bb5 17. Na3 Ba4 18. Qb2 Nc8 19. Rb1 Bc6 20. Nc4 Qc7 21.
Qb4 Rd8 22. Bf1 f5 23. Qa5 Rd7 24. Qxc7 Rxc7 25. Na5 fxe4 26. Nxc6 Rxc6 27.
dxe4 Nd6 28. c4 Nxc4 29. Bxc4 Rxc4 30. Rxb7 Rxe4 31. Re7 Bf6 32. Rxe6 Kf7 33.
Ra6 g5 1/2-1/2

[Event "Lloyds Bank Masters 2nd"]
[Site "London, Cumberland Hotel"]
[Date "1978.08.29"]
[Round "8.4"]
[White "Van der Sterren, Paul"]
[Black "Tatai, Stefano"]
[Result "1-0"]
[WhiteElo "2400"]
[BlackElo "2455"]
[PlyCount "107"]
[EventDate "1978.08.24"]
[EventType "swiss"]
[EventRounds "10"]
[EventCountry "ENG"]
[SourceTitle "BritBase"]
[Source "John Saunders"]
[SourceDate "2023.12.16"]
[SourceVersion "1"]
[SourceVersionDate "2023.12.16"]
[SourceQuality "1"]

1. e4 e5 2. Nf3 Nc6 3. Bb5 a6 4. Ba4 d6 5. c3 Nf6 6. d4 Bd7 7. O-O Be7 8. Nbd2
O-O 9. Re1 exd4 10. cxd4 Nb4 11. Bxd7 Nxd7 12. Qb3 c5 13. d5 a5 14. a4 b5 15.
axb5 Nb6 16. Nb1 a4 17. Qd1 Bf6 18. Re2 Re8 19. Nc3 Qe7 20. Kf1 Ra5 21. Bf4 Qd7
22. Bg5 Bxg5 23. Nxg5 Rea8 24. Ra3 Nc4 25. Nf3 f6 26. h3 Nxa3 27. bxa3 Rxb5 28.
Nxb5 Qxb5 29. axb4 cxb4 30. Kg1 b3 31. Nd4 Qb4 32. Rb2 Qc3 33. Rb1 b2 34. Nb5
Qb4 35. Qe2 a3 36. Nxa3 Rxa3 37. Rxb2 Rb3 38. Rxb3 Qxb3 39. Qg4 Qb4 40. Qe6+
Kf8 41. Kh2 Qa3 42. f3 Qb4 43. h4 Qb8 44. h5 Qd8 45. Kh3 g6 46. h6 f5 47. exf5
Qg5 48. Qxd6+ Kg8 49. Qe6+ Kf8 50. Qd6+ Kg8 51. Qb8+ Kf7 52. Qc7+ Kf8 53. Qg7+
Ke8 54. Qg8+ 1-0

[Event "Lloyds Bank Masters 2nd"]
[Site "London, Cumberland Hotel"]
[Date "1978.08.29"]
[Round "8.5"]
[White "Watson, John L"]
[Black "Rantanen, Yrjo A"]
[Result "0-1"]
[WhiteElo "2320"]
[BlackElo "2420"]
[PlyCount "126"]
[EventDate "1978.08.24"]
[EventType "swiss"]
[EventRounds "10"]
[EventCountry "ENG"]
[SourceTitle "BritBase"]
[Source "John Saunders"]
[SourceDate "2023.12.16"]
[SourceVersion "1"]
[SourceVersionDate "2023.12.16"]
[SourceQuality "1"]

1. c4 Nf6 2. Nc3 e6 3. e4 c5 4. e5 Ng8 5. Nf3 Nc6 6. d4 cxd4 7. Nxd4 Nxe5 8.
Qa4 Qc7 9. Ndb5 Qb8 10. c5 Bxc5 11. Ne4 a6 12. Nxc5 axb5 13. Qd4 Ne7 14. Bf4
N7g6 15. Bg3 O-O 16. Bxb5 d6 17. Na4 f5 18. f4 Bd7 19. Nc3 Bxb5 20. Nxb5 Nf7
21. O-O Qd8 22. a4 Qd7 23. h4 Ne7 24. Ra3 Nd5 25. Be1 Nh6 26. Rd3 Ng4 27. Nc3
Ngf6 28. b3 Nxc3 29. Bxc3 Ne4 30. Bb2 Rac8 31. h5 h6 32. b4 d5 33. Qe5 Rf7 34.
b5 Rc2 35. Bd4 Qc8 36. Rff3 Re2 37. Rde3 Rxe3 38. Rxe3 Qc1+ 39. Kh2 Qd1 40. Bb2
Nf6 41. Qb8+ Rf8 42. Qxb7 Qxh5+ 43. Rh3 Ng4+ 44. Kg3 Qg6 45. Kf3 Rf7 46. Qc8+
Kh7 47. b6 e5 48. b7 e4+ 49. Ke2 Qa6+ 50. Kd2 Qxb7 51. Qxb7 Rxb7 52. Bc3 Ra7
53. a5 d4 54. Bxd4 Rxa5 55. Rb3 Rd5 56. Kc3 Nf6 57. Kc4 Rd7 58. Kc5 Kg6 59. Be5
Rd3 60. Rb7 e3 61. Re7 Ne4+ 62. Kc4 e2 63. g4 fxg4 0-1

[Event "Lloyds Bank Masters 2nd"]
[Site "London, Cumberland Hotel"]
[Date "1978.08.29"]
[Round "8.6"]
[White "Westerinen, Heikki MJ"]
[Black "MacPherson, Hugh Dugald"]
[Result "1-0"]
[WhiteElo "2450"]
[BlackElo "2315"]
[PlyCount "103"]
[EventDate "1978.08.24"]
[EventType "swiss"]
[EventRounds "10"]
[EventCountry "ENG"]
[SourceTitle "BritBase"]
[Source "John Saunders"]
[SourceDate "2023.12.16"]
[SourceVersion "1"]
[SourceVersionDate "2023.12.16"]
[SourceQuality "1"]

1. e4 Nf6 2. e5 Nd5 3. d4 d6 4. Nf3 g6 5. Bc4 Nb6 6. Bb3 Bg7 7. Qe2 Nc6 8. O-O
d5 9. c3 Bg4 10. Nbd2 Qd7 11. h3 Bxf3 12. Nxf3 e6 13. Nh2 h5 14. Bg5 Ne7 15.
Bc2 c5 16. dxc5 Nc4 17. Bf6 Bxf6 18. exf6 Ng8 19. Bd3 Na5 20. Qf3 Nc6 21. Rfe1
O-O-O 22. Bb5 g5 23. c4 Rh6 24. cxd5 Qxd5 25. Bxc6 Qxc6 26. Qxc6+ bxc6 27. Nf3
Rd5 28. Re5 Nxf6 29. Rxg5 Nd7 30. b4 Kc7 31. Rc1 e5 32. Re1 f6 33. Rg7 Rh8 34.
Kh2 a5 35. a3 Rd3 36. Nh4 axb4 37. axb4 Rb8 38. Rh7 Rxb4 39. Rxh5 Nxc5 40. Ng6
Ne6 41. Rf5 Nf4 42. Rxf6 Nxg6 43. Rxg6 e4 44. Rg4 Rd2 45. Rexe4 Rxe4 46. Rxe4
Rxf2 47. h4 Kd6 48. h5 Rf7 49. g4 Kd5 50. Re8 c5 51. Rc8 c4 52. Kg3 1-0

[Event "Lloyds Bank Masters 2nd"]
[Site "London, Cumberland Hotel"]
[Date "1978.08.29"]
[Round "8.7"]
[White "Shamkovich, Leonid A"]
[Black "Rind, Bruce L"]
[Result "1-0"]
[WhiteElo "2485"]
[BlackElo "2390"]
[PlyCount "84"]
[EventDate "1978.08.24"]
[EventType "swiss"]
[EventRounds "10"]
[EventCountry "ENG"]
[SourceTitle "BritBase"]
[Source "John Saunders"]
[SourceDate "2023.12.16"]
[SourceVersion "1"]
[SourceVersionDate "2023.12.16"]
[SourceQuality "1"]

1. e4 c5 2. Nf3 Nc6 3. d4 cxd4 4. Nxd4 g6 5. c4 Nf6 6. Nc3 d6 7. Be2 Nxd4 8.
Qxd4 Bg7 9. Be3 O-O 10. Qd2 Be6 11. Rc1 Qa5 12. O-O Rfc8 13. b3 a6 14. f4 b5
15. f5 Bd7 16. fxg6 hxg6 17. Bd4 Nxe4 18. Qe3 Nxc3 19. Rxc3 Bxd4 20. Qxd4 Be6
21. Re3 bxc4 22. Rxe6 fxe6 23. Qg4 Qc5+ 24. Kh1 Rf8 25. Qxg6+ Kh8 26. Qh6+ Kg8
27. Qxe6+ Kh8 28. Qh6+ Kg8 29. Bxc4+ d5 30. Qg5+ Kh8 31. Qe5+ Rf6 32. Rxf6 exf6
33. Qxf6+ Kg8 34. Qg5+ Kf8 35. Bxd5 Ra7 36. Qf6+ Ke8 37. Bc6+ Rd7 38. h3 a5 39.
Bxd7+ Kxd7 40. Qf4 Qc3 41. h4 Ke7 42. Qe4+ Kf6 1-0

[Event "Lloyds Bank Masters 2nd"]
[Site "London, Cumberland Hotel"]
[Date "1978.08.29"]
[Round "8.8"]
[White "Kindermann, Stefan"]
[Black "Balinas, Rosendo Carrean"]
[Result "1/2-1/2"]
[WhiteElo "2240"]
[BlackElo "2440"]
[PlyCount "62"]
[EventDate "1978.08.24"]
[EventType "swiss"]
[EventRounds "10"]
[EventCountry "ENG"]
[SourceTitle "BritBase"]
[Source "John Saunders"]
[SourceDate "2023.12.16"]
[SourceVersion "1"]
[SourceVersionDate "2023.12.16"]
[SourceQuality "1"]

1. e4 d6 2. d4 Nf6 3. Nc3 g6 4. Bc4 Bg7 5. Qe2 Nc6 6. e5 Nxd4 7. exf6 Nxe2 8.
fxg7 Rg8 9. Ngxe2 Rxg7 10. Bh6 Rg8 11. O-O-O Be6 12. Bxe6 fxe6 13. Rhe1 g5 14.
Nd4 e5 15. Nf3 Qc8 16. Bxg5 h6 17. Bh4 c6 18. Nd2 Rxg2 19. Bg3 Qf5 20. Nc4 Rxf2
21. Ne4 Rxc2+ 22. Kxc2 d5 23. Ncd2 O-O-O 24. Kc1 dxe4 25. Nxe4 Rd5 26. Nc3 Rc5
27. Re2 b5 28. a3 a5 29. Rde1 Qd3 30. Rxe5 Rxc3+ 31. bxc3 Qxc3+ 1/2-1/2

[Event "Lloyds Bank Masters 2nd"]
[Site "London, Cumberland Hotel"]
[Date "1978.08.29"]
[Round "8.9"]
[White "Forintos, Gyozo Victor"]
[Black "De Firmian, Nick E"]
[Result "1-0"]
[WhiteElo "2435"]
[BlackElo "2390"]
[PlyCount "55"]
[EventDate "1978.08.24"]
[EventType "swiss"]
[EventRounds "10"]
[EventCountry "ENG"]
[SourceTitle "BritBase"]
[Source "John Saunders"]
[SourceDate "2023.12.16"]
[SourceVersion "1"]
[SourceVersionDate "2023.12.16"]
[SourceQuality "1"]

1. d4 Nf6 2. c4 e6 3. Nc3 Bb4 4. Qc2 c5 5. dxc5 Na6 6. a3 Bxc3+ 7. Qxc3 Nxc5 8.
b4 Nce4 9. Qd4 d5 10. c5 b6 11. f3 bxc5 12. bxc5 Qa5+ 13. Qb4 Qxb4+ 14. axb4
Nc3 15. Bb2 Nb5 16. e3 Bd7 17. Be5 O-O 18. Ne2 a5 19. bxa5 Rfc8 20. Nd4 Nc3 21.
Kd2 Rxc5 22. Nb3 Nce4+ 23. fxe4 Nxe4+ 24. Ke1 Rc2 25. Rg1 f6 26. Bd3 Rcc8 27.
Bd4 e5 28. Bb6 1-0

[Event "Lloyds Bank Masters 2nd"]
[Site "London, Cumberland Hotel"]
[Date "1978.08.29"]
[Round "8.20"]
[White "Farias, Sergio A"]
[Black "Silman, Jeremy D"]
[Result "1/2-1/2"]
[WhiteElo "2265"]
[BlackElo "2360"]
[PlyCount "66"]
[EventDate "1978.08.24"]
[EventType "swiss"]
[EventRounds "10"]
[EventCountry "ENG"]
[SourceTitle "BritBase"]
[Source "John Saunders"]
[SourceDate "2024.03.28"]
[SourceVersion "1"]
[SourceVersionDate "2024.03.28"]
[SourceQuality "1"]

1. d4 Nf6 2. c4 e6 3. Nc3 Bb4 4. a3 Bxc3+ 5. bxc3 O-O 6. e3 d6 7. Bd3 e5 8. Ne2
e4 9. Bb1 Be6 10. Ng3 Bxc4 11. Nxe4 Nxe4 12. Bxe4 d5 13. Bd3 Bxd3 14. Qxd3 Nd7
15. c4 Nb6 16. cxd5 Qxd5 17. O-O c5 18. Rd1 Rfd8 19. Bb2 Na4 20. Qc2 b5 21.
dxc5 Qxc5 22. Qxc5 Nxc5 23. Bd4 Nb3 24. Rab1 Nxd4 25. Rxd4 Rxd4 26. exd4 Rb8
27. Kf1 Kf8 28. Ke2 Ke7 29. Kd3 Kd6 30. Rc1 Rb6 31. Rc5 a5 32. a4 bxa4 33. Rxa5
Rb2 {Source: Silman Collection (Andy Ansel, 24 December 2023)} 1/2-1/2

[Event "Lloyds Bank Masters 2nd"]
[Site "London, Cumberland Hotel"]
[Date "1978.08.29"]
[Round "8.28"]
[White "Lehmann, K"]
[Black "Large, Peter G"]
[Result "1/2-1/2"]
[WhiteElo "2150"]
[BlackElo "2275"]
[PlyCount "65"]
[EventDate "1978.08.24"]
[EventType "swiss"]
[EventRounds "10"]
[EventCountry "ENG"]
[SourceTitle "BritBase"]
[Source "John Saunders"]
[SourceDate "2023.12.16"]
[SourceVersion "1"]
[SourceVersionDate "2023.12.16"]
[SourceQuality "1"]

1. e4 c5 2. c3 Nf6 3. e5 Nd5 4. d4 cxd4 5. Qxd4 e6 6. Nf3 Nc6 7. Qe4 f5 8. exf6
Nxf6 9. Qh4 Be7 10. Bd3 d5 11. Bg6+ Kf8 12. O-O e5 13. Bg5 Kg8 14. Bc2 h6 15.
Bxf6 Bxf6 16. Qh5 Be6 17. Rd1 Qb6 18. Bb3 Kh7 19. Bc2+ e4 20. Rxd5 Qxb2 21.
Bxe4+ Kg8 22. Rd1 Qxa1 23. Rd7 Qb2 24. Nbd2 Qc1+ 25. Nf1 Ne7 26. Rxe7 Bxe7 27.
Bd5 Kh7 28. Be4+ Kg8 29. Bd5 Bxd5 30. Qxd5+ Kh7 31. Qf5+ Kg8 32. Qd5+ Kh7 33.
Qf5+ 1/2-1/2

[Event "Lloyds Bank Masters 2nd"]
[Site "London, Cumberland Hotel"]
[Date "1978.08.29"]
[Round "8.31"]
[White "Flesch, Janos"]
[Black "Albrecht, Rainer"]
[Result "1-0"]
[WhiteElo "2435"]
[BlackElo "2120"]
[PlyCount "89"]
[EventDate "1978.08.24"]
[EventType "swiss"]
[EventRounds "10"]
[EventCountry "ENG"]
[SourceTitle "BritBase"]
[Source "John Saunders"]
[SourceDate "2023.12.16"]
[SourceVersion "1"]
[SourceVersionDate "2023.12.16"]
[SourceQuality "1"]

1. Nf3 g6 2. d4 Bg7 3. c4 c5 4. d5 d6 5. Nc3 Nf6 6. g3 O-O 7. Bg2 Na6 8. O-O
Nc7 9. a4 Rb8 10. e4 b6 11. Re1 a6 12. e5 Ng4 13. Bf4 b5 14. axb5 axb5 15. b3
bxc4 16. bxc4 Rb4 17. Bf1 Ba6 18. Ne4 Nxe5 19. Nxe5 dxe5 20. Bd2 Rxc4 21. Rxa6
Rxe4 22. Rxe4 Nxa6 23. Bxa6 Qxd5 24. Qc2 Rd8 25. Be3 Qd1+ 26. Qxd1 Rxd1+ 27.
Bf1 f5 28. Ra4 c4 29. Rxc4 Bf6 30. Kg2 Rd8 31. Rc7 h5 32. Bc4+ Kf8 33. Bh6+ Ke8
34. h4 e4 35. Bg5 Bxg5 36. hxg5 Kf8 37. Kf1 Ra8 38. Ke2 Ra3 39. Rc8+ Kg7 40.
Rg8+ Kh7 41. Re8 Ra7 42. Ke3 Ra3+ 43. Kd4 Rf3 44. Rxe7+ Kh8 45. Ke5 1-0

[Event "Lloyds Bank Masters 2nd"]
[Site "London, Cumberland Hotel"]
[Date "1978.08.29"]
[Round "8.32"]
[White "Crouch, Colin S"]
[Black "Casse, Rey F"]
[Result "1-0"]
[WhiteElo "2300"]
[BlackElo "1985"]
[PlyCount "57"]
[EventDate "1978.08.24"]
[EventType "swiss"]
[EventRounds "10"]
[EventCountry "ENG"]
[SourceTitle "BritBase"]
[Source "John Saunders"]
[SourceDate "2023.12.16"]
[SourceVersion "1"]
[SourceVersionDate "2023.12.16"]
[SourceQuality "1"]

1. e4 c5 2. c3 Nf6 3. e5 Nd5 4. d4 cxd4 5. Nf3 Nc6 6. cxd4 d6 7. Bc4 Nb6 8. Bb5
d5 9. O-O a6 10. Be2 e6 11. Nc3 Be7 12. Ne1 Bd7 13. Nc2 Rc8 14. f4 g6 15. Kh1
h5 16. Ne3 Qc7 17. f5 gxf5 18. a4 Na5 19. Bxh5 Nbc4 20. Nxf5 exf5 21. Nxd5 Qd8
22. Nf4 Qb6 23. Re1 Nb3 24. e6 Bxe6 25. Rxe6 Qxe6 26. Nxe6 Nxa1 27. Ng7+ Kf8
28. Nxf5 Bf6 29. Bh6+ 1-0

[Event "Lloyds Bank Masters 2nd"]
[Site "London, Cumberland Hotel"]
[Date "1978.08.29"]
[Round "8.33"]
[White "Wicker, Kevin J"]
[Black "Ginsburg, Mark"]
[Result "1-0"]
[WhiteElo "2305"]
[BlackElo "2335"]
[PlyCount "101"]
[EventDate "1978.08.24"]
[EventType "swiss"]
[EventRounds "10"]
[EventCountry "ENG"]
[SourceTitle "BritBase"]
[Source "John Saunders"]
[SourceDate "2023.12.16"]
[SourceVersion "1"]
[SourceVersionDate "2023.12.16"]
[SourceQuality "1"]

1. d4 Nf6 2. Bg5 e6 3. e4 h6 4. Bxf6 Qxf6 5. Nf3 b6 6. Bd3 Bb7 7. Qe2 d6 8. Nc3
Qd8 9. O-O-O Be7 10. Kb1 a6 11. g4 Nd7 12. h4 c5 13. g5 cxd4 14. Nxd4 Ne5 15.
g6 Nxg6 16. Nxe6 fxe6 17. Qh5 O-O 18. Qxg6 Rf6 19. Qg4 Qf8 20. Rhg1 Rc8 21. e5
dxe5 22. Ne4 Rf4 23. Qxe6+ Kh8 24. Qg6 Qf7 25. Nd6 Qxg6 26. Bxg6 Bxd6 27. Rxd6
Rxh4 28. Rxb6 Rc6 29. Rxc6 Bxc6 30. Kc1 Kg8 31. Re1 Rh1 32. Rxh1 Bxh1 33. Kd2
Kf8 34. Ke3 Bd5 35. b3 Ke7 36. c4 Bb7 37. b4 Kf6 38. Be8 Ke7 39. Bh5 Kf6 40. a4
g6 41. Be2 Ke6 42. c5 h5 43. b5 axb5 44. axb5 Bd5 45. b6 h4 46. Bg4+ Ke7 47. f4
Kf6 48. Bc8 exf4+ 49. Kxf4 g5+ 50. Kg4 Ke5 51. b7 1-0

[Event "Lloyds Bank Masters 2nd"]
[Site "London, Cumberland Hotel"]
[Date "1978.08.29"]
[Round "8.35"]
[White "Quigley, Stephen"]
[Black "Patterson, Nicholas James"]
[Result "1-0"]
[WhiteElo "2170"]
[BlackElo "2360"]
[PlyCount "51"]
[EventDate "1978.08.24"]
[EventType "swiss"]
[EventRounds "10"]
[EventCountry "ENG"]
[SourceTitle "BritBase"]
[Source "John Saunders"]
[SourceDate "2023.12.16"]
[SourceVersion "1"]
[SourceVersionDate "2023.12.16"]
[SourceQuality "1"]

1. e4 c5 2. Nc3 Nc6 3. f4 e6 4. Nf3 d5 5. exd5 exd5 6. Bb5 Nf6 7. Ne5 Qd6 8.
O-O Be7 9. b3 O-O 10. Bxc6 bxc6 11. Ba3 Nd7 12. d4 Re8 13. Na4 Nxe5 14. fxe5
Qg6 15. Bxc5 Bf5 16. Bxe7 Bxc2 17. Qd2 Rxe7 18. Rac1 Be4 19. Rc3 Kh8 20. Rg3
Qh5 21. Rh3 Qg6 22. Nc5 Rf8 23. Rg3 Qh5 24. Qf4 Bg6 25. Rff3 Bb1 26. Rg5 1-0

[Event "Lloyds Bank Masters 2nd"]
[Site "London, Cumberland Hotel"]
[Date "1978.08.29"]
[Round "8.42"]
[White "James, Geoffrey H"]
[Black "Senior, Gary"]
[Result "1-0"]
[WhiteElo "2230"]
[BlackElo "2080"]
[PlyCount "79"]
[EventDate "1978.08.24"]
[EventType "swiss"]
[EventRounds "10"]
[EventCountry "ENG"]
[SourceTitle "BritBase"]
[Source "John Saunders"]
[SourceDate "2023.12.16"]
[SourceVersion "1"]
[SourceVersionDate "2023.12.16"]
[SourceQuality "1"]

1. e4 e6 2. d4 d5 3. Nd2 Nf6 4. e5 Nfd7 5. f4 c5 6. c3 Nc6 7. Ndf3 Qa5 8. Kf2
c4 $6 9. g3 b5 10. Bh3 b4 11. Ne2 f6 12. Bxe6 Nc5 $2 (12... Ndxe5 $1) 13. dxc5
(13. Bxd5 $1 Nd3+ 14. Qxd3 cxd3 15. Bxc6+ Bd7 16. Bxa8 dxe2 17. c4 $18) 13...
Bxc5+ 14. Kg2 (14. Ned4) 14... Bxe6 15. exf6 (15. f5 $5) 15... gxf6 16. Ned4
Nxd4 17. Nxd4 Bxd4 18. Qxd4 Kf7 (18... Qb6 $5) 19. Bd2 Qb6 20. f5 $1 Bxf5 21.
Qxd5+ Be6 22. Qh5+ Ke7 23. Rhe1 Rad8 24. Be3 Qc6+ 25. Kg1 Rd5 26. Qh6 Kf7 27.
Rf1 Bf5 28. Bd4 Rxd4 29. cxd4 Bg6 30. Rae1 Re8 31. Rxe8 Qxe8 32. Qf4 Qc6 33. d5
Qb6+ 34. Kg2 c3 35. bxc3 bxc3 36. d6 Qc6+ 37. Kh3 Qd7+ 38. g4 Qe6 39. d7 Ke7
40. Rd1 {Source: G H James via Brian Denman, contributed 21 July 2021} 1-0